000
00285nam a22001337a 4500
008
170316b xxu||||| |||| 00| 0 eng d
020
_a
99990
041
_a
eng
080
_2
4TH
_a
611
100
_a
7
101
_a
SHM
245
_a
EXERCISE PHYSIOLOGY
_c
MCARDLE, W.D
942
_2
udc
_c
BK
999
_c
7969
_d
7969